| 000 | 00449nam a2200181Ia 4500 | ||
|---|---|---|---|
| 001 | 25061 | ||
| 005 | 20260414151125.0 | ||
| 008 | 260414t2010||||xx |||||||||||||| ||spa|| | ||
| 041 | _aESP | ||
| 082 |
_a346.13 _bG312M |
||
| 100 |
_aTorres Carrasco, Manuel A. _eAUT |
||
| 245 | 0 |
_aManual de los procedimientos registrales _b |
|
| 260 | _c2010 | ||
| 300 |
_a318 páginas : _c24 cm. |
||
| 650 | _aDER | ||
| 654 | _aCDE | ||
| 942 |
_cLIB _dJUS _fJUS _2ddc _n |
||
| 999 |
_c25061 _d25061 |
||